Elenca la formazione - Quiz n°214 - Statistics

Statistiche generali
  • Questo quiz è stato fatto 53 volte
  • Il punteggio medio è 8 su 11
Statistiche sulle risposte
Ruolo Nazione Calciatore % Corretto
Portiere Slovenia Jan Oblak
100%
Difensore Uruguay José Giménez
88%
Difensore Inghilterra Kieran Trippier
88%
Attaccante Spagna Álvaro Morata
85%
Centrocampista Ghana Thomas Partey
81%
Attaccante Portogallo João Félix
79%
Centrocampista Spagna Saúl
73%
Difensore Brasile Renan Lodi
71%
Centrocampista Messico Héctor Herrera
60%
Difensore Brasile Felipe
58%
Centrocampista Argentina Ángel Correa
46%
Nessun quiz corrispondente trovato
Distribuzione punteggi
Percentuale di utenti per punteggio
Percentile per numero di risposta
I tuoi punteggi nel tempo
Non hai fatto questo quiz